| 000 | 00342nam a2200145Ia 4500 | ||
|---|---|---|---|
| 008 | 210210b1962 xxu||||| |||| 00| 0 eng d | ||
| 082 | _a574.5 LIFW | ||
| 100 | _aLIFE MAGAZINE. | ||
| 245 | _aWorld we live in.2V.V1. | ||
| 260 |
_aN Y _bTime Incorporated _c1962 |
||
| 300 | _a110 | ||
| 440 | _a1 | ||
| 690 | _aPure Sciences | ||
| 906 | _a030113 | ||
| 999 |
_c81304 _d81304 |
||